| 000 | 00486nam a22001812 4500 | ||
|---|---|---|---|
| 001 | 0000009686 | ||
| 005 | 20151217152058.0 | ||
| 008 | 081116s xx 000 0 eng d | ||
| 040 |
_aKABU _cKABU |
||
| 100 | 1 |
_aLewis, Sinclair. _@0000161421 |
|
| 245 | 1 | 0 |
_aIt can't happen here / _cSinclair Lewis. |
| 250 | _a1st ed. | ||
| 260 |
_aNew York : _bSignet, _c1970. |
||
| 300 | _a331 p. | ||
| 852 | 1 | _9p100 KES | |
| 908 | _a081116 | ||
| 950 | _@1 | ||
| 999 |
_c7991 _d7991 |
||